| 000 | 00718nam a22002292 4500 | ||
|---|---|---|---|
| 001 | 0000023928 | ||
| 005 | 20151217152252.0 | ||
| 008 | 130419s xx 000 0 eng d | ||
| 020 | _a1850702241 : | ||
| 040 |
_aKABU _cKABU |
||
| 100 | 1 |
_aO'Dowd, Michael J. _@0000183719 |
|
| 245 | 1 | 4 |
_aThe History of obstetrics and gynaecology / _cMichael J. O'Dowd and Elliot E. Philipp. |
| 250 | _a1st ed. | ||
| 260 |
_aNew York : _bParthenon, _c1994. |
||
| 300 | _ax, 710 p. | ||
| 650 | 0 |
_aGynecology _xHistory. _@0000183720 |
|
| 650 | 0 |
_aObstetrics _xHistory. _@0000183721 |
|
| 700 | 1 |
_aPhilipp, Elliot E. _@0000183722 |
|
| 852 | 1 | _9p500 KES | |
| 908 | _a130419 | ||
| 950 | _@1 | ||
| 999 |
_c10059 _d10059 |
||